000 00387nam a2200169Ia 4500
001 12556
003 IN-NITTTR
005 20251114233117.0
008 251113s9999||||xx |||||||||||||| ||eng||
040 _beng
040 _cIN-NITTTR
041 _aeng
082 _a770 Q46J
245 4 _aThe joy of photography. /
_cQuint, Bernard, ed.
700 _aQuint, Bernard
942 _2ddc
_cBK
999 _c15192
_d15192